| 000 | 00725cab a2200253 4500 | ||
|---|---|---|---|
| 001 | ABS46780 | ||
| 008 | 090401t1992 xxu||||| |||| 00| 0 eng d | ||
| 035 | _a(Sirsi) u59469 | ||
| 041 | _aeng | ||
| 245 | _aEuropean Community directives | ||
| 260 | _c1992 | ||
| 350 | _a0 | ||
| 490 |
_aEstates Gazette _v(9227) 11 July 1992, 146(1) |
||
| 520 | _aThis "Mainly for Students" article considers whether the UK Government can be sued under an EC directive. | ||
| 650 | _aCOMMUNITY LAW | ||
| 650 | _aEC DIRECTIVES | ||
| 650 | _aEUROPEAN COURT OF JUSTICE | ||
| 650 | _aINDIRECT EFFECT | ||
| 650 | _aSINGLE EUROPEAN ACT 1987 | ||
| 690 | _aEUROPE-SINGLE MARKET | ||
| 690 | _aLAW | ||
| 942 | _n0 | ||
| 948 | _c04/03/1997 | ||
| 999 |
_c36491 _d36491 |
||